|
|
|
|
| LEADER |
00000nam a2200000 a 4500 |
| 001 |
vtls009172973 |
| 003 |
SK-MaSNL |
| 005 |
20260302054650.0 |
| 008 |
251124s2007 xr n 100 0 cze |
| 015 |
|
|
|a SNBZSA2008-00245
|
| 020 |
|
|
|a 9788021042629 (brož.)
|
| 035 |
|
|
|a B1937642-6BF9-4B07-BDA0-87C6FB46CF21
|
| 035 |
|
|
|a urn:nbn:sk:snk-amk7le
|
| 035 |
|
|
|a urn:nbn:sk:snk-am008fkf
|
| 040 |
|
|
|a SNK
|b slo
|c SNK
|e AACR2
|
| 041 |
0 |
|
|a cze
|a slo
|b eng
|
| 043 |
|
|
|a e------
|a e-xr---
|
| 044 |
|
|
|a xr
|c CZ
|
| 072 |
|
7 |
|a 347.9
|x Občianske súdne konanie. Súdnictvo
|2 konspekt
|
| 080 |
|
|
|a 347.9
|2 1981
|
| 080 |
|
|
|a 347.991
|x (4)
|x (063)
|2 2001
|
| 080 |
|
|
|a 351.95
|2 2001
|
| 245 |
0 |
0 |
|a Role nejvyšších soudů v evropských ústavních systémech - čas pro změnu?
|c Vojtěch Šimíček (ed.)
|
| 250 |
|
|
|a 1. vyd.
|
| 260 |
|
|
|a Brno
|b Masarykova univerzita, Mezinárodní politologický ústav
|c 2007
|
| 300 |
|
|
|a 245 s.
|c 21 cm
|
| 490 |
1 |
|
|a Sborníky
|v sv. č. 32
|
| 500 |
|
|
|a Obsahuje aj: Zabezpečenie jednotného výkladu a jednotného používania zákonov v Slovenskej republike / Milan Karabín
|
| 500 |
|
|
|a Zborník príspevkov z právnickej konferencie konanej 22. a 23. novembra v Brne
|
| 504 |
|
|
|a Bibliogr. odkazy
|
| 546 |
|
|
|a Text čiast. slov., res. angl.
|
| 650 |
0 |
7 |
|a najvyššie súdy
|2 snkph
|9 114179
|
| 650 |
0 |
7 |
|a súdnictvo
|2 snkph
|9 2632
|
| 650 |
0 |
7 |
|a ústavné systémy
|2 snkph
|9 68257
|
| 650 |
0 |
7 |
|a súdy
|2 snkph
|9 4646
|
| 651 |
|
7 |
|a krajiny Európskej únie
|2 snkph
|9 31482
|
| 655 |
|
7 |
|a zborníky konferencií
|2 SNKPH
|9 70153
|
| 700 |
1 |
|
|a Šimíček, Vojtěch,
|d 1969-
|4 edt
|9 114180
|
| 700 |
1 |
|
|a Karabín, Milan,
|d 1949-2015
|t Zabezpečenie jednotného výkladu a jednotného používania zákonov v Slovenskej republike
|4 aut
|9 714154
|
| 810 |
2 |
|
|a Masarykova univerzita.
|b Fakulta sociálních studií.
|b Mezinárodní politologický ústav.
|t Sborníky
|9 211434
|
| 830 |
|
0 |
|a Sborníky
|9 291300
|
| 919 |
|
|
|a 978-80-210-4262-9
|
| 958 |
|
|
|a ZS
|
| 958 |
|
|
|a NB
|
| 958 |
|
|
|a OND
|
| 999 |
|
|
|c 1114213
|d 1116143
|
| 952 |
|
|
|a SNK
|b SNK
|y PREZ
|7 0
|p 17A0575240
|o snkSC 130465
|i snk2008/1155
|8 4
|g 11.58
|0 0
|1 0
|4 0
|d 2008-01-11
|f 1
|l 0
|r 2025-06-19 00:00:00
|w 2026-02-24
|
| 952 |
|
|
|a SNK
|b SNK
|y VYP
|7 0
|p 17A0593319
|o snkSC 130465 D1
|i snk2008/13204
|8 4
|g 11.22
|0 0
|1 0
|4 0
|d 2008-06-13
|l 0
|r 2026-02-24 18:11:29
|w 2026-02-24
|